[Event "HUN-chT2 Barcza 1314"]
[Site "Hungary"]
[Date "2014.04.27"]
[Round "11"]
[White "Kadlecsik, Krisztina"]
[Black "Boros, Laszlo"]
[Result "0-1"]
[WhiteElo "1486"]
[BlackElo "1892"]
[PlyCount "78"]
[EventDate "2013.09.08"]
[EventType "team-tourn"]
[EventRounds "11"]
[EventCountry "HUN"]
[SourceTitle "EXT 2016"]
[Source "ChessBase"]
[SourceDate "2015.10.08"]
[SourceVersion "1"]
[SourceVersionDate "2015.10.08"]
[SourceQuality "1"]
[WhiteTeam "Sajobabony"]
[BlackTeam "Tiszavasvar"]
[WhiteTeamCountry "HUN"]
[BlackTeamCountry "HUN"]

1. e4 d6 2. Nf3 Nf6 3. Bc4 Nxe4 4. d3 Nf6 5. Bg5 d5 6. Bb3 Bg4 7. Nbd2 e6 8. Qe2 Be7 9. h3 Bh5 10. d4 a6 11. Bxf6 Bxf6 12. g4 Bg6 13. Ne5 Nd7 14. Ndf3 Bxe5 15. Nxe5 Qe7 16. h4 Nxe5 17. dxe5 h5 18. f4 Qb4+ 19. Qd2 Qe4+ 20. Kf2 hxg4 21. Qe3 Qxe3+ 22. Kxe3 Be4 23. Rh2 f5 24. exf6 gxf6 25. c4 f5 26. cxd5 exd5 27. Rc1 c6 28. Bc2 Ke7 29. Kd4 Kf6 30. h5 Bxc2 31. Rcxc2 Rae8 32. Kc5 Re4 33. Kb6 Rb4+ 34. Kc7 Rh7+ 35. Kd6 Rxf4 36. Rce2 Re4 37. Ref2 g3 38. Re2 gxh2 39. Rxh2 f4 0-1

[Event "HUN-chT2 Barcza 1314"]
[Site "Hungary"]
[Date "2014.03.02"]
[Round "8"]
[White "Galko, Tibor"]
[Black "Boros, Laszlo"]
[Result "0-1"]
[WhiteElo "1868"]
[BlackElo "1892"]
[PlyCount "98"]
[EventDate "2013.09.08"]
[EventType "team-tourn"]
[EventRounds "11"]
[EventCountry "HUN"]
[SourceTitle "EXT 2016"]
[Source "ChessBase"]
[SourceDate "2015.10.08"]
[SourceVersion "1"]
[SourceVersionDate "2015.10.08"]
[SourceQuality "1"]
[WhiteTeam "Edeleny"]
[BlackTeam "Tiszavasvar"]
[WhiteTeamCountry "HUN"]
[BlackTeamCountry "HUN"]

1. e4 d6 2. d4 Nf6 3. Nc3 g6 4. Nf3 Bg7 5. Bf4 Nbd7 6. Qd2 0-0 7. Bd3 c5 8. Bh6 cxd4 9. Nxd4 Ne5 10. Be2 Nc6 11. Bxg7 Kxg7 12. h4 Qb6 13. Nxc6 bxc6 14. h5 Be6 15. hxg6 fxg6 16. Qh6+ Kg8 17. 0-0-0 Rf7 18. f3 Rb8 19. Bd3 Rg7 20. Qg5 Qxb2+ 21. Kd2 Qb6 22. Rb1 Qc7 23. Rxb8+ Qxb8 24. Qa5 Qb6 25. Qxb6 axb6 26. a4 Nd7 27. Rb1 Kf7 28. Ba6 Rg8 29. Bb7 c5 30. Bc6 Ne5 31. Nd5 Nxc6 32. Rxb6 Bxd5 33. exd5 Ne5 34. Ra6 Rb8 35. f4 Nd7 36. a5 Nf6 37. c4 Nh5 38. Ra7 Nxf4 39. g3 Nh5 40. a6 Nxg3 41. Rb7 Ra8 42. a7 h5 43. Rb3 h4 44. Ra3 Kf6 45. Ke1 g5 46. Kf2 Ne4+ 47. Kf3 Nd2+ 48. Kg4 Nxc4 49. Rf3+ Kg6 0-1

[Event "HUN-chT2 Barcza 0910"]
[Site "Hungary"]
[Date "2010.04.18"]
[Round "10.9"]
[White "Boros, Laszlo"]
[Black "Ruboczki, Tibor"]
[Result "1-0"]
[WhiteElo "1949"]
[BlackElo "1712"]
[PlyCount "95"]
[EventDate "2009.11.08"]
[EventType "team-tourn"]
[EventRounds "11"]
[EventCountry "HUN"]
[SourceTitle "EXT 2011"]
[Source "ChessBase"]
[SourceDate "2010.11.26"]
[SourceVersion "1"]
[SourceVersionDate "2010.11.26"]
[SourceQuality "1"]
[WhiteTeam "Tiszavasvar"]
[BlackTeam "Nyiregyhaza"]
[WhiteTeamCountry "HUN"]
[BlackTeamCountry "HUN"]

1. d4 d5 2. c4 c6 3. cxd5 cxd5 4. Nf3 Nf6 5. Nc3 e6 6. Bf4 Bd6 7. Bg3 0-0 8. e3 a6 9. a4 Qb6 10. Bxd6 Qxd6 11. Bd3 Nc6 12. 0-0 e5 13. dxe5 Nxe5 14. Nxe5 Qxe5 15. h3 Bd7 16. Qb3 Bc6 17. Ne2 Ne4 18. Bxe4 dxe4 19. Rfd1 Rfd8 20. Rxd8+ Rxd8 21. Rd1 Rxd1+ 22. Qxd1 h6 23. Nc3 Qe6 24. Qd8+ Kh7 25. Qd4 Qb3 26. Nxe4 Qxa4 27. Qxa4 Bxa4 28. Nd6 b5 29. Nxf7 b4 30. Ne5 Bb5 31. f4 a5 32. Nf3 Bd3 33. Nd2 a4 34. Kf2 b3 35. Kf3 a3 36. bxa3 b2 37. e4 b1Q 38. Nxb1 Bxb1 39. h4 Bc2 40. g4 Bd1+ 41. Kg3 Kg6 42. e5 Kf7 43. f5 Ke7 44. Kf4 Bc2 45. g5 h5 46. g6 Bd1 47. Kg5 Bc2 48. f6+ 1-0

[Event "HUN-chT2 Barcza 0910"]
[Site "Hungary"]
[Date "2010.03.21"]
[Round "8.8"]
[White "Szilvasi, Marcell"]
[Black "Boros, Laszlo"]
[Result "1/2-1/2"]
[WhiteElo "1913"]
[BlackElo "1949"]
[PlyCount "121"]
[EventDate "2009.11.08"]
[EventType "team-tourn"]
[EventRounds "11"]
[EventCountry "HUN"]
[SourceTitle "EXT 2011"]
[Source "ChessBase"]
[SourceDate "2010.11.26"]
[SourceVersion "1"]
[SourceVersionDate "2010.11.26"]
[SourceQuality "1"]
[WhiteTeam "Miskolc"]
[BlackTeam "Tiszavasvar"]
[WhiteTeamCountry "HUN"]
[BlackTeamCountry "HUN"]

1. g3 d5 2. Bg2 Nf6 3. d3 e5 4. Nd2 Bc5 5. e4 Ng4 6. Nh3 Bxf2+ 7. Nxf2 Ne3 8. Qh5 Nxc2+ 9. Kd1 Nxa1 10. Qxe5+ Kf8 11. b3 d4 12. Ba3+ Kg8 13. Bb2 Nc6 14. Qc5 Nxb3 15. Nxb3 Be6 16. Rf1 Bxb3+ 17. axb3 Qd6 18. Qd5 Rd8 19. Nh3 Qxd5 20. exd5 Nb4 21. Ng5 f6 22. Bh3 Nxd5 23. Bxd4 Nb4 24. Be6+ Kf8 25. Bc5+ Ke8 26. Nf7 Nxd3 27. Ba3 Rd4 28. Kc2 Rg8 29. Nd6+ cxd6 30. Bxg8 Ne5 31. Bxh7 Kd7 32. Kc3 Nc6 33. Re1 b5 34. Bf5+ Kc7 35. Bb2 b4+ 36. Kc2 Rd5 37. g4 Rc5+ 38. Kd2 Ne5 39. Bxe5 dxe5 40. Rc1 Rxc1 41. Kxc1 Kd6 42. Kd2 Kd5 43. Ke3 a5 44. Be4+ Kc5 45. Bc2 Kd5 46. h4 Ke6 47. h5 Kd5 48. Be4+ Kc5 49. Bg6 a4 50. bxa4 b3 51. a5 Kb5 52. Ke4 Kxa5 53. Kd5 Kb4 54. Ke6 Kc4 55. Be4 Kd4 56. Kf5 b2 57. Bb1 Kd5 58. g5 fxg5 59. Kxg5 Kd4 60. Kf5 Kd5 61. Be4+ 1/2-1/2

[Event "HUN-chT2 Barcza 0910"]
[Site "Hungary"]
[Date "2010.02.14"]
[Round "6.9"]
[White "Boros, Laszlo"]
[Black "Kocsi, Bence"]
[Result "0-1"]
[WhiteElo "1949"]
[BlackElo "1794"]
[PlyCount "64"]
[EventDate "2009.11.08"]
[EventType "team-tourn"]
[EventRounds "11"]
[EventCountry "HUN"]
[SourceTitle "EXT 2011"]
[Source "ChessBase"]
[SourceDate "2010.11.26"]
[SourceVersion "1"]
[SourceVersionDate "2010.11.26"]
[SourceQuality "1"]
[WhiteTeam "Tiszavasvar"]
[BlackTeam "Edeleny"]
[WhiteTeamCountry "HUN"]
[BlackTeamCountry "HUN"]

1. d4 d5 2. c4 Nf6 3. Nf3 c6 4. cxd5 cxd5 5. Nc3 Nc6 6. Bf4 Qb6 7. Na4 Qd8 8. e3 Ne4 9. a3 e6 10. Rc1 Bd7 11. Bd3 Qa5+ 12. Ke2 Nxd4+ 13. exd4 Bxa4 14. b3 Bc6 15. Qc2 Bxa3 16. Ra1 0-0 17. Nd2 Bb5 18. Bxb5 Qxb5+ 19. Qd3 Qxd3+ 20. Kxd3 Nxf2+ 21. Ke2 Nxh1 22. Rxa3 Rfc8 23. Ra1 Rc3 24. Rxh1 Rac8 25. Ra1 a6 26. h4 Rc2 27. Kf3 R8c3+ 28. Kg4 f5+ 29. Kh5 h6 30. Kg6 Rxd2 31. Bxd2 Rg3+ 32. Kh5 Kh7 0-1

[Event "HUN-chT2 Barcza 0910"]
[Site "Hungary"]
[Date "2010.01.31"]
[Round "5.9"]
[White "Visloczki, Jozsef"]
[Black "Boros, Laszlo"]
[Result "0-1"]
[WhiteElo "2049"]
[BlackElo "1949"]
[PlyCount "108"]
[EventDate "2009.11.08"]
[EventType "team-tourn"]
[EventRounds "11"]
[EventCountry "HUN"]
[SourceTitle "EXT 2011"]
[Source "ChessBase"]
[SourceDate "2010.11.26"]
[SourceVersion "1"]
[SourceVersionDate "2010.11.26"]
[SourceQuality "1"]
[WhiteTeam "Piremon"]
[BlackTeam "Tiszavasvar"]
[WhiteTeamCountry "HUN"]
[BlackTeamCountry "HUN"]

1. e4 e5 2. Nf3 Nc6 3. Bb5 a6 4. Ba4 Nf6 5. 0-0 b5 6. Bb3 Be7 7. Re1 0-0 8. c3 d5 9. exd5 Nxd5 10. Nxe5 Nxe5 11. Rxe5 c6 12. Bxd5 cxd5 13. Qf3 Bd6 14. Re1 Re8 15. Rxe8+ Qxe8 16. Qe3 Bf5 17. d4 Bf4 18. Qxe8+ Rxe8 19. Be3 Bd3 20. Nd2 Bxe3 21. fxe3 Rxe3 22. Nf3 Re2 23. Re1 Rxe1+ 24. Nxe1 Bb1 25. a3 a5 26. Kf2 a4 27. Ke3 Be4 28. g4 g5 29. Nf3 Bxf3 30. Kxf3 Kg7 31. Ke3 Kg6 32. Kd3 f5 33. h3 h5 34. gxf5+ Kxf5 35. Ke3 g4 36. h4 g3 37. Kf3 g2 38. Kxg2 Kg4 39. Kf2 Kxh4 40. Kf3 Kg5 41. Kg3 Kf5 42. Kh4 Ke4 43. Kxh5 Kd3 44. Kg5 Kc2 45. Kf5 Kxb2 46. Ke5 Kxc3 47. Kxd5 b4 48. axb4 a3 49. b5 a2 50. b6 a1Q 51. b7 Qa5+ 52. Kc6 Qd8 53. d5 Kd4 54. d6 Ke5 0-1

[Event "HUN-chT2 Barcza 0809"]
[Site "Hungary"]
[Date "2009.02.22"]
[Round "8.8"]
[White "Boros, Laszlo"]
[Black "Hibjan, Tamas"]
[Result "0-1"]
[WhiteElo "1935"]
[BlackElo "2104"]
[PlyCount "83"]
[EventDate "2008.10.26"]
[EventType "tourn"]
[EventRounds "11"]
[EventCountry "HUN"]
[SourceTitle "EXT 2010"]
[Source "ChessBase"]
[SourceDate "2010.11.25"]
[SourceVersion "1"]
[SourceVersionDate "2010.11.25"]
[SourceQuality "1"]
[WhiteTeam "Tiszavasvar"]
[BlackTeam "Nyiregyhaza"]
[WhiteTeamCountry "HUN"]
[BlackTeamCountry "HUN"]

1. d4 d5 2. c4 c6 3. cxd5 cxd5 4. Nc3 Nf6 5. Nf3 Nc6 6. Bf4 Qb6 7. Na4 Qa5+ 8. Bd2 Qd8 9. Bf4 e6 10. a3 Bd6 11. Bg3 Ne4 12. Nc3 Nxc3 13. bxc3 0-0 14. e3 b6 15. c4 dxc4 16. Bxc4 Bb7 17. 0-0 Rc8 18. Qe2 Na5 19. Bd3 Bxg3 20. fxg3 Rc3 21. Rf2 Qe7 22. Ne5 g6 23. Raf1 f5 24. g4 Nc6 25. a4 Nxe5 26. dxe5 Qc5 27. gxf5 exf5 28. e6 Re8 29. Rf4 Rxe6 30. Rc4 Rxc4 31. Bxc4 Bd5 32. Bxd5 Qxd5 33. Rc1 Qe5 34. Rc8+ Kf7 35. Ra8 Qa1+ 36. Kf2 Qxa4 37. Qb2 Rc6 38. Ke1 Rc7 39. g3 Qe4 40. Qa2+ Kf6 41. Qb2+ Kg5 42. h4+ 0-1

[Event "HUN-chT2 Barcza 0809"]
[Site "Hungary"]
[Date "2009.01.11"]
[Round "5.6"]
[White "Hatala, Csaba Laszlo"]
[Black "Boros, Laszlo"]
[Result "0-1"]
[WhiteElo "1992"]
[BlackElo "1935"]
[PlyCount "76"]
[EventDate "2008.10.26"]
[EventType "tourn"]
[EventRounds "11"]
[EventCountry "HUN"]
[SourceTitle "EXT 2010"]
[Source "ChessBase"]
[SourceDate "2010.11.25"]
[SourceVersion "1"]
[SourceVersionDate "2010.11.25"]
[SourceQuality "1"]
[WhiteTeam "Miskolc EMSE II"]
[BlackTeam "Tiszavasvar"]
[WhiteTeamCountry "HUN"]
[BlackTeamCountry "HUN"]

1. g3 d5 2. Bg2 Nf6 3. d3 e5 4. Nd2 Bc5 5. e3 Bg4 6. Ne2 Qd7 7. h3 Be6 8. e4 Nc6 9. f4 dxe4 10. Nxe4 Nxe4 11. Bxe4 Bxh3 12. Nc3 Bg4 13. Bf3 Bxf3 14. Qxf3 0-0-0 15. Be3 Bxe3 16. Qxe3 exf4 17. Qxf4 Qd6 18. 0-0-0 Qxf4+ 19. gxf4 Rde8 20. Rdg1 g6 21. Ne4 Nd4 22. Kd1 h6 23. Rg2 Nf5 24. Kd2 h5 25. Ng5 Re7 26. Nf3 Kd7 27. Ne5+ Kd6 28. Rhg1 h4 29. Rh1 h3 30. Rg4 b5 31. Rh2 c5 32. c3 a5 33. Rg1 Rh4 34. Rf1 Ng3 35. Rf3 Nh5 36. Rhxh3 Rxh3 37. Rxh3 Nxf4 38. Rf3 Kxe5 0-1

[Event "HUN-chT2 Barcza 0809"]
[Site "Hungary"]
[Date "2008.11.30"]
[Round "3.7"]
[White "Boros, Laszlo"]
[Black "Pasku, Tibor"]
[Result "1/2-1/2"]
[WhiteElo "1935"]
[BlackElo "2045"]
[PlyCount "103"]
[EventDate "2008.10.26"]
[EventType "tourn"]
[EventRounds "11"]
[EventCountry "HUN"]
[SourceTitle "EXT 2010"]
[Source "ChessBase"]
[SourceDate "2010.11.25"]
[SourceVersion "1"]
[SourceVersionDate "2010.11.25"]
[SourceQuality "1"]
[WhiteTeam "Tiszavasvar"]
[BlackTeam "Debrecen Betu"]
[WhiteTeamCountry "HUN"]
[BlackTeamCountry "HUN"]

1. d4 g6 2. c4 Bg7 3. Nc3 d6 4. e4 Nc6 5. Be3 e5 6. dxe5 Nxe5 7. Nf3 Nxf3+ 8. Qxf3 Be6 9. Rd1 Qc8 10. Be2 Ne7 11. Bd4 f6 12. Nd5 Bxd5 13. exd5 0-0 14. Bd3 f5 15. Bxg7 Kxg7 16. 0-0 Qd7 17. Rfe1 Ng8 18. Re6 Rae8 19. Rde1 Rxe6 20. Rxe6 b6 21. Qe2 Rf7 22. f4 Re7 23. Rxe7+ Qxe7 24. Qxe7+ Nxe7 25. Kf2 c6 26. dxc6 Nxc6 27. Ke3 Kf6 28. h3 h5 29. h4 Ke6 30. Be2 a5 31. a3 Kd7 32. Bf3 Ne7 33. Kd4 Kc7 34. b4 axb4 35. axb4 Kd7 36. Bd5 Nc8 37. Bf7 Ne7 38. Bd5 Nc8 39. c5 bxc5+ 40. bxc5 dxc5+ 41. Kxc5 Ke7 42. Bb3 Nd6 43. Kd5 Nf7 44. Kd4 Nh6 45. Ba4 Ng4 46. Bc6 Nf6 47. Bf3 Kd6 48. Bb7 Ng4 49. Bd5 Ke7 50. Bf3 Nf6 51. Ke5 Nd7+ 52. Kd5 1/2-1/2

[Event "HUN-chT2 Barcza 0708"]
[Site "Hungary"]
[Date "2008.03.30"]
[Round "9"]
[White "Boros, Laszlo"]
[Black "Szabo, Zsolt"]
[Result "0-1"]
[WhiteElo "1986"]
[BlackElo "2169"]
[PlyCount "100"]
[EventDate "2007.10.14"]
[EventType "team-tourn"]
[EventRounds "11"]
[EventCountry "HUN"]
[SourceTitle "EXT 2009"]
[Source "ChessBase"]
[SourceDate "2008.11.26"]
[SourceVersion "1"]
[SourceVersionDate "2008.11.26"]
[SourceQuality "1"]
[WhiteTeam "Tiszavasvar"]
[BlackTeam "DEAC"]
[WhiteTeamCountry "HUN"]
[BlackTeamCountry "HUN"]

1. d4 Nf6 2. c4 e5 3. dxe5 Ng4 4. e6 fxe6 5. e4 Ne5 6. Qh5+ Nf7 7. Nf3 g6 8. Qg4 Nc6 9. h4 Bb4+ 10. Nc3 d5 11. Bd2 d4 12. Nb1 Bxd2+ 13. Kxd2 Qd6 14. Bd3 Nfe5 15. Nxe5 Nxe5 16. Qg3 Qb4+ 17. Ke2 Nxc4 18. Bxc4 Qxc4+ 19. Kd2 Qb4+ 20. Kc2 Bd7 21. a3 Qc5+ 22. Kd2 Qd6 23. Qxd6 cxd6 24. Rc1 Rc8 25. Rxc8+ Bxc8 26. Kd3 e5 27. Nd2 Be6 28. Nf3 h6 29. Rc1 Kd7 30. Nh2 Rc8 31. Rxc8 Kxc8 32. f4 b5 33. Nf3 Bc4+ 34. Kd2 exf4 35. Nxd4 a6 36. h5 gxh5 37. Nf5 Kd7 38. Kc3 Bf1 39. Nh4 Ke6 40. Kd4 Be2 41. Ng6 f3 42. Nf4+ Kf6 43. Ke3 Kg5 44. gxf3 Bc4 45. Ng2 h4 46. Kf2 h3 47. Ne3 Kf4 48. Nf5 d5 49. Nxh6 dxe4 50. fxe4 Be6 0-1

[Event "HUN-chT2 Barcza 0708"]
[Site "Hungary"]
[Date "2008.02.17"]
[Round "6"]
[White "Molnar, Mihaly"]
[Black "Boros, Laszlo"]
[Result "1/2-1/2"]
[WhiteElo "2084"]
[BlackElo "1986"]
[PlyCount "24"]
[EventDate "2007.10.14"]
[EventType "team-tourn"]
[EventRounds "11"]
[EventCountry "HUN"]
[SourceTitle "EXT 2009"]
[Source "ChessBase"]
[SourceDate "2008.11.26"]
[SourceVersion "1"]
[SourceVersionDate "2008.11.26"]
[SourceQuality "1"]
[WhiteTeam "Piremon"]
[BlackTeam "Tiszavasvar"]
[WhiteTeamCountry "HUN"]
[BlackTeamCountry "HUN"]

1. e4 e5 2. Nf3 Nc6 3. Bc4 Bc5 4. d3 Nf6 5. h3 d5 6. exd5 Nxd5 7. 0-0 0-0 8. a3 Bf5 9. b4 Bd4 10. Nxd4 exd4 11. Qf3 Be6 12. Qg3 Qd7 1/2-1/2

[Event "HUN-chT2 Barcza 0708"]
[Site "Hungary"]
[Date "2007.12.09"]
[Round "4"]
[White "Tiszoczki, Gabor"]
[Black "Boros, Laszlo"]
[Result "1/2-1/2"]
[WhiteElo "1940"]
[BlackElo "1986"]
[PlyCount "81"]
[EventDate "2007.10.14"]
[EventType "team-tourn"]
[EventRounds "11"]
[EventCountry "HUN"]
[SourceTitle "EXT 2009"]
[Source "ChessBase"]
[SourceDate "2008.11.26"]
[SourceVersion "1"]
[SourceVersionDate "2008.11.26"]
[SourceQuality "1"]
[WhiteTeam "Edeleny"]
[BlackTeam "Tiszavasvar"]
[WhiteTeamCountry "HUN"]
[BlackTeamCountry "HUN"]

1. d4 Nf6 2. c4 e6 3. Nc3 Bb4 4. Bd2 d5 5. e3 0-0 6. Nf3 c5 7. a3 Bxc3 8. Bxc3 Ne4 9. Qc2 Nxc3 10. Qxc3 cxd4 11. Nxd4 e5 12. Nf3 e4 13. Nd4 Nc6 14. cxd5 Qxd5 15. Nxc6 Qxc6 16. Qxc6 bxc6 17. Bc4 Rd8 18. 0-0 Kf8 19. h3 Rd2 20. b3 Bf5 21. g4 Bg6 22. Rfd1 Rad8 23. Rxd2 Rxd2 24. Rc1 Ke7 25. Kf1 h5 26. Be2 hxg4 27. hxg4 Kd7 28. Rd1 Rxd1+ 29. Bxd1 c5 30. Ke2 Kc6 31. Kd2 Kd5 32. Kc3 a5 33. Be2 f6 34. Bc4+ Kd6 35. Bg8 Be8 36. Bh7 Bc6 37. Bf5 Bd5 38. Bc8 Kc7 39. Ba6 Be6 40. Be2 Kd6 41. Bd1 1/2-1/2

[Event "HUN-chT2 Barcza 0708"]
[Site "Hungary"]
[Date "2007.10.14"]
[Round "1"]
[White "Boros, Laszlo"]
[Black "Kiraly, Gergely"]
[Result "0-1"]
[WhiteElo "1986"]
[BlackElo "1976"]
[PlyCount "70"]
[EventDate "2007.10.14"]
[EventType "team-tourn"]
[EventRounds "11"]
[EventCountry "HUN"]
[SourceTitle "EXT 2009"]
[Source "ChessBase"]
[SourceDate "2008.11.26"]
[SourceVersion "1"]
[SourceVersionDate "2008.11.26"]
[SourceQuality "1"]
[WhiteTeam "Tiszavasvar"]
[BlackTeam "Mezokovesd"]
[WhiteTeamCountry "HUN"]
[BlackTeamCountry "HUN"]

1. e4 c5 2. d4 cxd4 3. Bc4 Nf6 4. Qe2 d6 5. Nf3 Bg4 6. 0-0 e5 7. c3 Nc6 8. Bb5 dxc3 9. Nxc3 a6 10. Bxc6+ bxc6 11. Bg5 Be7 12. Rfd1 Qb6 13. Bxf6 gxf6 14. b3 Rg8 15. Na4 Qb5 16. Qe3 f5 17. Nc3 Qb7 18. Re1 f4 19. Qd3 a5 20. Nd2 Be6 21. Nc4 Bxc4 22. bxc4 Qc8 23. Kf1 Qg4 24. Qf3 Qxf3 25. gxf3 Rb8 26. Rab1 Kd7 27. Rxb8 Rxb8 28. Rb1 Rxb1+ 29. Nxb1 Ke6 30. Nc3 Bd8 31. a4 Bb6 32. Kg2 Bd4 33. Ne2 d5 34. cxd5+ cxd5 35. h3 f5 0-1

[Event "HUN-chT2 Barcza 0607"]
[Site "Hungary"]
[Date "2007.04.15"]
[Round "8"]
[White "Toth, Laszlo"]
[Black "Boros, Laszlo"]
[Result "0-1"]
[WhiteElo "2060"]
[BlackElo "2038"]
[PlyCount "78"]
[EventDate "2006.11.12"]
[EventType "team-tourn"]
[EventRounds "11"]
[EventCountry "HUN"]
[SourceTitle "EXT 2008"]
[Source "ChessBase"]
[SourceDate "2007.11.25"]
[SourceVersion "1"]
[SourceVersionDate "2007.11.25"]
[SourceQuality "1"]
[WhiteTeam "Tiszaujvaros"]
[BlackTeam "Tiszavasvar"]
[WhiteTeamCountry "HUN"]
[BlackTeamCountry "HUN"]

1. e4 e5 2. Nf3 Nc6 3. Bc4 Bc5 4. h3 Nf6 5. d3 d5 6. exd5 Nxd5 7. a3 a5 8. Bg5 f6 9. Bh4 Be6 10. 0-0 Qd7 11. Bg3 0-0 12. Nbd2 Bb6 13. Bb5 Rad8 14. Ne4 Nde7 15. Qe2 Nf5 16. Rfe1 Ncd4 17. Nxd4 Nxd4 18. Bxd7 Nxe2+ 19. Rxe2 Rxd7 20. Rae1 Bf7 21. Kh2 h6 22. f4 f5 23. Nf2 exf4 24. Bxf4 g5 25. Bd2 Bh5 26. Re7 Rxe7 27. Rxe7 Bxf2 28. Bxa5 Rf7 29. Rxc7 Rxc7 30. Bxc7 f4 31. Be5 Kf7 32. c4 Be2 33. d4 Bxc4 34. b4 b5 35. Bh8 Bd5 36. Be5 Kg6 37. Bh8 Kf5 38. Bg7 h5 39. Be5 g4 0-1

[Event "HUN-chT2 Barcza 0405"]
[Site "Hungary"]
[Date "2004.09.26"]
[Round "1"]
[White "Heindrich, Janos"]
[Black "Boros, Laszlo"]
[Result "1-0"]
[WhiteElo "2117"]
[BlackElo "1978"]
[PlyCount "75"]
[EventDate "2004.09.26"]
[EventType "team-tourn"]
[EventRounds "11"]
[EventCountry "HUN"]
[SourceTitle "EXT 2009"]
[Source "ChessBase"]
[SourceDate "2008.11.26"]
[SourceVersion "1"]
[SourceVersionDate "2008.11.26"]
[SourceQuality "1"]
[WhiteTeam "Kazincbarcika"]
[BlackTeam "Tiszavasvar"]
[WhiteTeamCountry "HUN"]
[BlackTeamCountry "HUN"]

1. c4 Nf6 2. Nc3 e6 3. e4 e5 4. Nf3 Nc6 5. d4 exd4 6. Nxd4 Bb4 7. Nxc6 bxc6 8. Bd3 0-0 9. Bg5 h6 10. Bh4 Re8 11. Qf3 g5 12. Bg3 Bxc3+ 13. bxc3 d6 14. 0-0 Bg4 15. Qe3 Nh5 16. f4 a5 17. Rae1 Rb8 18. Bb1 Rb2 19. Qd3 Ng7 20. f5 f6 21. Qd4 c5 22. Qd5+ Kh8 23. Rf2 Rxf2 24. Bxf2 Bh5 25. Qc6 Bf7 26. Bd3 Re7 27. Rb1 Qd7 28. Qa8+ Re8 29. Qxa5 c6 30. Qa6 Rc8 31. Rb7 Rc7 32. Rxc7 Qxc7 33. a4 Ne8 34. a5 Kg7 35. Qa8 Kf8 36. a6 Ke7 37. a7 Kd7 38. Qb8 1-0

[Event "HUN-chT2 Barcza 0304"]
[Site "Hungary"]
[Date "2004.04.18"]
[Round "11"]
[White "Istvanovszky, Martin"]
[Black "Boros, Laszlo"]
[Result "1/2-1/2"]
[WhiteElo "2010"]
[BlackElo "1962"]
[PlyCount "117"]
[EventDate "2003.08.29"]
[EventType "team-tourn"]
[EventRounds "11"]
[EventCountry "HUN"]
[SourceTitle "EXT 2009"]
[Source "ChessBase"]
[SourceDate "2008.11.26"]
[SourceVersion "1"]
[SourceVersionDate "2008.11.26"]
[SourceQuality "1"]
[WhiteTeam "Hajduboszormeny II"]
[BlackTeam "Tiszavasvar"]
[WhiteTeamCountry "HUN"]
[BlackTeamCountry "HUN"]

1. e4 e5 2. d4 exd4 3. Qxd4 Nc6 4. Qe3 d6 5. Nc3 g6 6. Bd2 Bg7 7. 0-0-0 Be6 8. f3 Nge7 9. Nge2 Nc8 10. Nf4 Bd7 11. Ncd5 Nb6 12. Bc3 Ne5 13. Kb1 0-0 14. h4 Re8 15. h5 g5 16. Nh3 Nxd5 17. Rxd5 Bc6 18. Rd1 h6 19. Bd3 Nxd3 20. Qxd3 Qe7 21. Nf2 Bxc3 22. Qxc3 Qe5 23. Qxe5 Rxe5 24. Ng4 Re6 25. Rd4 Kg7 26. Rhd1 Rd8 27. c4 Rde8 28. b4 a6 29. Kb2 f5 30. exf5 Re2+ 31. R1d2 Bd7 32. f6+ Kf7 33. Nxh6+ Kxf6 34. c5 Kg7 35. Ng4 Bxg4 36. fxg4 dxc5 37. bxc5 Rxd2+ 38. Rxd2 Re4 39. Kb3 Rxg4 40. Rd7+ Kh6 41. Rxc7 Rg3+ 42. Kc4 Rxg2 43. Rxb7 Rxa2 44. Kd5 g4 45. c6 g3 46. c7 Rd2+ 47. Ke6 Rc2 48. Kd7 Rd2+ 49. Kc8 Rc2 50. Kb8 Kxh5 51. c8Q Rxc8+ 52. Kxc8 Kg4 53. Rb1 Kf3 54. Kb7 a5 55. Kb6 a4 56. Kb5 a3 57. Rb3+ Kf2 58. Rxa3 g2 59. Ra1 1/2-1/2

[Event "HUN-chT2 Barcza 0304"]
[Site "Hungary"]
[Date "2003.11.16"]
[Round "3"]
[White "Boros, Laszlo"]
[Black "Kucsa, Andras"]
[Result "1-0"]
[WhiteElo "1962"]
[BlackElo "2036"]
[PlyCount "83"]
[EventDate "2003.08.29"]
[EventType "team-tourn"]
[EventRounds "11"]
[EventCountry "HUN"]
[SourceTitle "EXT 2009"]
[Source "ChessBase"]
[SourceDate "2008.11.26"]
[SourceVersion "1"]
[SourceVersionDate "2008.11.26"]
[SourceQuality "1"]
[WhiteTeam "Tiszavasvar"]
[BlackTeam "Piremon II"]
[WhiteTeamCountry "HUN"]
[BlackTeamCountry "HUN"]

1. d4 Nf6 2. c4 g6 3. Nc3 d6 4. e4 Bg7 5. f3 0-0 6. Be3 e5 7. d5 a6 8. Qd2 Nh5 9. 0-0-0 f5 10. Bd3 f4 11. Bf2 Bd7 12. g4 Nf6 13. Nge2 b5 14. cxb5 axb5 15. Bxb5 Bxb5 16. Nxb5 Rxa2 17. Kb1 Ra8 18. Kc2 Qd7 19. Nec3 Na6 20. Ra1 Rfb8 21. Ba7 Nb4+ 22. Kb3 Rxb5 23. Nxb5 Nbxd5 24. Nc3 Nxc3 25. bxc3 Qf7+ 26. Kc2 c5 27. Qxd6 Bf8 28. Qb6 Nd7 29. Qb7 Re8 30. Rhd1 Re7 31. Qd5 Kg7 32. Qxf7+ Kxf7 33. Ra6 Ke8 34. Rc6 Bg7 35. Rc8+ Kf7 36. Rc7 Ke8 37. Bxc5 Nxc5 38. Rxc5 Ra7 39. Rc8+ Ke7 40. Rb8 Ra2+ 41. Kb3 Rf2 42. Rb7+ 1-0